Construction industry in Russia sees long-awaited upsurge (Record no. 113014)

MARC details
000 -LEADER
fixed length control field 00790cad a22002055a 4500
001 - CONTROL NUMBER
control field L154500
008 - FIXED-LENGTH DATA ELEMENTS--GENERAL INFORMATION
fixed length control field 111215u2011 pl g 000 0 eng d
035 ## - SYSTEM CONTROL NUMBER
System control number (Sirsi) u154500
041 0# - LANGUAGE CODE
Language code of text/sound track or separate title eng
110 2# - MAIN ENTRY--CORPORATE NAME
Corporate name or jurisdiction name as entry element PMR
9 (RLIN) 5675
245 00 - TITLE STATEMENT
Title Construction industry in Russia sees long-awaited upsurge
Remainder of title September 2011
Medium [electronic resource]
260 ## - PUBLICATION, DISTRIBUTION, ETC.
Place of publication, distribution, etc. Krakow
Name of publisher, distributor, etc. PMR
Date of publication, distribution, etc. 2011
520 ## - SUMMARY, ETC.
Summary, etc. Comments on the mixed state of the construction market in Russia in 2010-2011.
590 ## - LOCAL NOTE (RLIN)
Local note KA NTK
651 #4 - SUBJECT ADDED ENTRY--GEOGRAPHIC NAME
Geographic name Russia
651 #4 - SUBJECT ADDED ENTRY--GEOGRAPHIC NAME
Geographic name Europe
690 ## - LOCAL SUBJECT ADDED ENTRY--TOPICAL TERM (OCLC, RLIN)
Topical term or geographic name as entry element BUILT ENVIRONMENT-CONSTRUCTION MARKET
856 40 - ELECTRONIC LOCATION AND ACCESS
Uniform Resource Identifier <a href="https://www.constructionrussia.com/wp_977/Construction-industry-in-Russia-sees-long-awaited-upsurge-September-2011.shtml">https://www.constructionrussia.com/wp_977/Construction-industry-in-Russia-sees-long-awaited-upsurge-September-2011.shtml</a>
Public note Register for this free article at www.constructionrussia.com
942 ## - ADDED ENTRY ELEMENTS (KOHA)
Suppress in OPAC 0
Holdings
Withdrawn status Lost status Source of classification or shelving scheme Damaged status Not for loan Home library Current library Shelving location Date acquired Total Checkouts Full call number Barcode Date last seen Copy number Price effective from Koha item type
    Dewey Decimal Classification     Virtual Virtual Online 15/12/2011   ONLINE PUBLICATION 154500-2001 06/08/2019 1 06/08/2019 Book